书目信息 |
| 题名: |
石油化工高温装置材料及其损伤
|
|
| 作者: | 王富岗 , 王焕庭 主编 | |
| 分册: | ||
| 出版信息: | 大连 大连理工大学出版社 1991.11 |
|
| 页数: | 157页 | |
| 开本: | 19cm | |
| 丛书名: | ||
| 单 册: | ||
| 中图分类: | TE963 , TE96 | |
| 科图分类: | ||
| 主题词: | 高温材料-化工设备-石油化工 , 石油化工-化工设备-高温材料 , 化工设备-石油化工-高温材料 , 石油加工工厂--机械设备 , 天然气加工厂--机械设备 | |
| 电子资源: | ||
| ISBN: | 7-5611-0532-0 | |
| 000 | 01198nam0 2200325 45 | |
| 001 | 0192002463 | |
| 005 | 20040521110532.8 | |
| 010 | @a7-5611-0532-0@dCNY2.60 | |
| 020 | @aCN@b92002463 | |
| 100 | @a19920620d1991 kemy0chiy0121 ea | |
| 101 | 0 | @achi |
| 102 | @aCN@b210000 | |
| 105 | @af z 000yy | |
| 106 | @ar | |
| 200 | 10 | @a石油化工高温装置材料及其损伤@Ashi you hua gong gao wen zhuang zhi cai liao ji qi sun shang@f王富岗,王焕庭主编@Fwang fu gang wang huan ting zhu bian |
| 210 | @a大连@c大连理工大学出版社@d1991.11 | |
| 215 | @a157页@c照片@d19cm | |
| 330 | @a本书介绍了石油化工高温装置的高温特性,分类介绍了常用耐热钢材的组织与性能,分析了高温炉管的损伤情况、检查方法及剩余寿命预测等。 | |
| 540 | 1 | @a石油化工 高温 材料 损伤@Ashi you hua gong gao wen cai liao sun shang |
| 606 | @a高温材料-化工设备-石油化工 | |
| 606 | @a石油化工-化工设备-高温材料 | |
| 606 | @a化工设备-石油化工-高温材料 | |
| 606 | 0 | @a石油加工工厂@x机械设备 |
| 606 | 0 | @a天然气加工厂@x机械设备 |
| 690 | @aTE963@v3 | |
| 690 | @aTE96 | |
| 701 | 0 | @a王富岗@Awang fu gang@4主编 |
| 701 | 0 | @a王焕庭@Awang huan ting@4主编 |
| 801 | 0 | @aCN@bNLC@c19920620 |
| 905 | @f4@b262691-694@dTE96@e3 | |
| 石油化工高温装置材料及其损伤/王富岗,王焕庭主编.-大连:大连理工大学出版社,1991.11 |
| 157页:照片;19cm |
| ISBN 7-5611-0532-0:CNY2.60 |
| 本书介绍了石油化工高温装置的高温特性,分类介绍了常用耐热钢材的组织与性能,分析了高温炉管的损伤情况、检查方法及剩余寿命预测等。 |
| ● |
| 相关链接 |
|
|
|
|
正题名:石油化工高温装置材料及其损伤
索取号:TE96/3
 
预约/预借
| 序号 | 登录号 | 条形码 | 馆藏地/架位号 | 状态 | 备注 |
| 1 | 0262690 | 001362055 | 第二样本阅览室/ [索取号:TE96/3] | 在馆 | |
| 2 | 0262691 | 001361895 | 第三借阅区/ [索取号:TE96/3] | 在馆 | |
| 3 | 0262692 | 001361939 | 第三借阅区/ [索取号:TE96/3] | 在馆 | |
| 4 | 0262693 | 001361975 | 密集书库/ [索取号:TE96/3] | 在馆 | |
| 5 | 0262694 | 001362019 | 密集书库/ [索取号:TE96/3] | 在馆 |